Arsenal Players 15 or More Goals in Premier League - Statistics

General Stats
  • This quiz has been taken 81 times
  • The average score is 24 of 28
Answer Stats
Season Player Country G/A % Correct
23/24 Bukayo Saka England 16G12A
99%
99/00 Thierry Henry France 17G8A
99%
00/01 Thierry Henry France 17G9A
99%
01/02 Thierry Henry France 24G5A
99%
02/03 Thierry Henry France 24G21A
99%
03/04 Thierry Henry France 30G9A
99%
04/05 Thierry Henry France 25G14A
99%
05/06 Thierry Henry France 27G6A
99%
18/19 Pierre-Emerick Aubameyang Gabon 22G5A
97%
19/20 Pierre-Emerick Aubameyang Gabon 22G3A
97%
22/23 Martin Ødegaard Norway 15G7A
96%
10/11 Robin van Persie Netherlands 18G7A
96%
11/12 Robin van Persie Netherlands 30G11A
96%
14/15 Alexis Sánchez Chile 16G8A
94%
16/17 Alexis Sánchez Chile 24G10A
94%
13/14 Olivier Giroud France 16G8A
91%
15/16 Olivier Giroud France 16G6A
91%
97/98 Dennis Bergkamp Netherlands 16G11A
88%
Gabriel Martinelli Brazil 15G6A
88%
07/08 Emmanuel Adebayor Togo 24G4A
85%
09/10 Cesc Fàbregas Spain 15G15A
81%
92/93 Ian Wright England 15G4A
79%
94/95 Ian Wright England 23G3A
79%
95/96 Ian Wright England 15G2A
79%
96/97 Ian Wright England 23G4A
79%
98/99 Nicolas Anelka France 17G5A
75%
93/94 Kevin Campbell England 15G4A
35%
Kevin Campbell England 15G4A
35%
No matching quizzes found
Score Distribution
Percent of People with Each Score
Percentile by Number Answered
Your Score History
You have not taken this quiz